| 000 | 00960nam a2200301 a 4500 | ||
|---|---|---|---|
| 001 | 67814 | ||
| 003 | BD-RjUL | ||
| 005 | 20211209081709.0 | ||
| 008 | 170329r20001999stka b 001 0 eng d | ||
| 020 | _a0443059748 (pbk: standard ed.) | ||
| 020 | _a0443059942 (international ed.) | ||
| 035 | _a(BD-RjUL)68023 | ||
| 040 |
_aUkOxU _beng _cUkOxU _dBD-RjUL |
||
| 041 | _aeng | ||
| 082 |
_223 _a615.1 _bRAP 2000 |
||
| 100 | 1 |
_aRang, H. P. _9201035 |
|
| 245 | 1 | 0 |
_aPharmacology / _cH.P. Rang, M.M. Dale and J.M. Ritter. |
| 250 | _a4th ed. | ||
| 260 |
_aEdinburgh : _bChurchill Livingstone, _c1999 [reprinted 2000]. |
||
| 300 |
_ax, 830 p. : _bill. ; _c25 cm. |
||
| 500 | _aPrevious ed.: 1995. | ||
| 504 | _aIncludes bibliographical references and index. | ||
| 650 | 0 |
_aPharmacology. _9201036 |
|
| 650 | 0 |
_aDrug Therapy. _9201037 |
|
| 700 | 1 |
_aDale, M. Maureen. _qJoint authors _9201038 |
|
| 700 | 1 |
_aRitter, James. _qJoint authors. _9201039 |
|
| 942 |
_2ddc _cBK |
||
| 999 |
_c67814 _d67814 |
||